00424cam a22001097a 4500008003800000082001800038245008100056260006000137500003200197650003100229700005400260180718b-- xxu||||| |||| 00| 0 eng d aL906x5441 COM aReport of the Comptroller and Auditor General of India, Gujarat (Commercial) aAhmedabadbComptroller and Auditor General of Indiac-- aLibrary has 1991/92-2010/11 aAuditing - India - Gujarat aGujarat. Comptroller and Auditor General of India